000 00567nam a2200205 a 4500
001 000033384
003 DO-SdBNP
005 20220126085458.0
007 ta
008 110825s1961 dr a 000 0 spa d
040 _aDO-SdBNP
_bspa
_cBNPHU
082 4 _bC175o
_222
100 1 _aCambiaso Lluberes, Pedro A.
_956365
245 1 0 _aOfrenda /
_cPedro A. Cambiaso Lluberes.
260 _aCiudad Trujillo, República Dominicana :
_bCompostela,
_c1961.
300 _a29 p. :
_bil. ;
_c24 cm.
590 _aInventariado 2022 / MF
910 _aMFeliz
942 _2ddc
_cLF2
999 _c32875
_d32875